LEADER 03883oas 2201525 a 450 001 9910145770703321 005 20251106213014.0 011 $a1879-0887 035 $a(DE-599)ZDB1500707-8 035 $a(DE-599)1500707-8 035 $a(OCoLC)39118982 035 $a(CONSER) 2005233444 035 $a(CKB)954925483681 035 $a(EXLCZ)99954925483681 100 $a19980514a19839999 sy a 101 0 $aeng 135 $aurmnu|||||||| 181 $ctxt$2rdacontent 182 $cc$2rdamedia 183 $acr$2rdacarrier 200 10$aRadiotherapy and oncology 210 $a[Amsterdam] $cElsevier Science Pub 300 $aRefereed/Peer-reviewed 311 08$a0167-8140 517 1 $aRadiotherapy & oncology 531 0 $aRadiother. oncol. 606 $aOncology$vPeriodicals 606 $aRadiotherapy$vPeriodicals 606 $aTumors$vPeriodicals 606 $aOncology$vPeriodicals 606 $aTumors$xPeriodicals 606 $aRadiotherapy 606 $aOncology 606 $aNeoplasms$xradiotherapy 606 $aRadiotherapy 606 $aMedical Oncology 606 $aMedical Oncology$vPeriodicals 606 $aNeoplasms$xradiotherapy$vPeriodicals 606 $aRadiotherapy$vPeriodicals 606 $aMedical Oncology$vperiodicals 606 $aNeoplasms$xradiotherapy$vperiodicals 606 $aRadiotherapy$vperiodicals 606 $aRadiothe?rapie$vPe?riodiques 606 $aCance?rologie$xPe?riodiques 606 $aTumeurs$xPe?riodiques 606 $aCance?rologie$vPe?riodiques 606 $aTumeurs$vPe?riodiques 606 $aRadiothe?rapie 606 $aCance?rologie 606 $aOncology$2fast$3(OCoLC)fst01045739 606 $aRadiotherapy$2fast$3(OCoLC)fst01088351 606 $aTumors$2fast$3(OCoLC)fst01158759 608 $aperiodicals.$2aat 608 $aPeriodicals.$2fast 608 $aPeriodicals.$2lcgft 608 $aPe?riodiques.$2rvmgf 615 0$aOncology 615 0$aRadiotherapy 615 0$aTumors 615 0$aOncology 615 0$aTumors$xPeriodicals. 615 0$aRadiotherapy. 615 0$aOncology. 615 2$aNeoplasms$xradiotherapy. 615 2$aRadiotherapy. 615 2$aMedical Oncology. 615 2$aMedical Oncology 615 2$aNeoplasms$xradiotherapy 615 2$aRadiotherapy 615 2$aMedical Oncology 615 2$aNeoplasms$xradiotherapy 615 2$aRadiotherapy 615 6$aRadiothe?rapie 615 6$aCance?rologie$xPe?riodiques. 615 6$aTumeurs$xPe?riodiques. 615 6$aCance?rologie 615 6$aTumeurs 615 6$aRadiothe?rapie. 615 6$aCance?rologie. 615 7$aOncology. 615 7$aRadiotherapy. 615 7$aTumors. 676 $a616.994 712 02$aEuropean Society for Therapeutic Radiology and Oncology 801 0$bOH1 801 1$bOH1 801 2$bOCL 801 2$bOCLCQ 801 2$bGUA 801 2$bVRC 801 2$bU9S 801 2$bGUA 801 2$bOCLCQ 801 2$bOCLCO 801 2$bOCLCQ 801 2$bOPELS 801 2$bOCLCF 801 2$bOCLCO 801 2$bVT2 801 2$bOCLCQ 801 2$bOCLCO 801 2$bOCLCQ 801 2$bZ5A 801 2$bOCLCO 801 2$bOCLCA 801 2$bNLE 801 2$bBUF 801 2$bEZC 801 2$bAU@ 801 2$bOCLCO 801 2$bWYU 801 2$bUKMGB 801 2$bU3W 801 2$bOCLCO 801 2$bSFB 801 2$bGWM 801 2$bOCLCO 801 2$bOCLCQ 801 2$bUAB 801 2$bOCLCL 801 2$bCNMTR 801 2$bOCLCL 801 2$bWURST 801 2$bCSU 801 2$bLIP 801 2$bOCLCQ 906 $aJOURNAL 912 $a9910145770703321 996 $aRadiotherapy and oncology$91900478 997 $aUNINA